| 000 | 00734cam a22002054a 4500 | ||
|---|---|---|---|
| 005 | 20250605164134.0 | ||
| 008 | 250528s ||||||||||||||||||||||||d | ||
| 035 | _a18674 | ||
| 020 | _a415058015 | ||
| 040 |
_aGR-AtMCL _bgre _dGR-AtMCL _eAACR2 |
||
| 245 | 1 | _aSex Crime in the News | |
| 260 |
_bRouledge, _c1991 |
||
| 300 | _a186 | ||
| 520 | _aList of Illustrations, Acknowledgements, Introduction, The Newspaper Studies, Seeking Out the Sex Field, Sex Crime in Court, Sex Offenders After Conviction, Informing the Public, Changing Legal Practice, Conclusion, Notes, Name and Subject Index. | ||
| 700 | 1 |
_aSoothill Keith _94941 |
|
| 700 | 1 |
_aWalby Sylvia _94942 |
|
| 942 | _cBK | ||
| 999 |
_c4018 _d4018 |
||